000 00812nam a2200253Ia 4500
003 OSt
005 20220923215603.0
006 a|||||r|||| 00| 0
007 ta
008 220922b |||||||| |||| 00| 0 hin d
024 _a180,050
037 _cTextual
040 _aARTS
_cARTS
_bhin
041 _2hin
_ahin
082 _aO152,1J58:g, M2
100 _aवियोगी, लीलाधर
245 0 _aरसखान
_b भक्त और कवि
246 _aRasakhāna: bhakta aur kavi
260 _aदिल्ली
_b सूर्य प्रकाशन
_c1982
300 _a144 पृ.
_ccm.
650 _aहिन्दी साहित्य
_9156264
942 _hO152,1J58:g, M2
_cTEXL
_2CC
999 _c333431
_d333431